NLSUI OPAC header image

When people come first : (Record no. 111695)

MARC details
000 -LEADER
fixed length control field 00662cam a2200205 i 4500
001 - CONTROL NUMBER
control field 17590449
005 - DATE AND TIME OF LATEST TRANSACTION
control field 20260112052356.0
008 - FIXED-LENGTH DATA ELEMENTS--GENERAL INFORMATION
fixed length control field 130114t20132013enk b 001 0 eng
020 ## - INTERNATIONAL STANDARD BOOK NUMBER
International Standard Book Number 9780691157399
Qualifying information (pbk.)
020 ## - INTERNATIONAL STANDARD BOOK NUMBER
International Standard Book Number 0691157391
Qualifying information (pbk.)
082 ## - DEWEY DECIMAL CLASSIFICATION NUMBER
Classification number 362.1 BIE
245 00 - TITLE STATEMENT
Title When people come first :
Remainder of title critical studies in global health /
Statement of responsibility, etc. edited by João Biehl and Adriana Petryna.
264 #1 - PRODUCTION, PUBLICATION, DISTRIBUTION, MANUFACTURE, AND COPYRIGHT NOTICE
Place of production, publication, distribution, manufacture Princeton :
Name of producer, publisher, distributor, manufacturer Princeton University Press,
Date of production, publication, distribution, manufacture, or copyright notice 2013.
300 ## - PHYSICAL DESCRIPTION
Extent 446 p. ;
Dimensions 24 cm
650 #0 - SUBJECT ADDED ENTRY--TOPICAL TERM
Topical term or geographic name entry element World health.
650 #0 - SUBJECT ADDED ENTRY--TOPICAL TERM
Topical term or geographic name entry element Public health
General subdivision International cooperation.
700 1# - ADDED ENTRY--PERSONAL NAME
Personal name Biehl, João Guilherme.
700 1# - ADDED ENTRY--PERSONAL NAME
Personal name Petryna, Adriana
942 ## - ADDED ENTRY ELEMENTS (KOHA)
Source of classification or shelving scheme Dewey Decimal Classification
Koha item type BOOKs
Holdings
Withdrawn status Lost status Damaged status Not for loan Collection code Home library Current library Shelving location Date acquired Total Checkouts Full call number Barcode Date last seen Price effective from Koha item type
          NLS NLS General Stacks 12/06/2017   362.1 BIE 35176 05/11/2018 05/11/2018 BOOKs